000 00357nam a2200157Ia 4500
005 20250425160922.0
008 250425s9999 xx 000 0 und d
041 _aspa
082 _a664.81
245 0 _aCONSERVAS DE PRODUCTOS DE ORIGEN ANIMAL
250 _aS.E.
260 _aS.L.
260 _aSin Pais
_bSINT
_c1900
942 _c01
010 _a8329
999 _c198844
_d198844